Multiple Choice City Quiz – Tokyo - Statistics

General Stats
  • This quiz has been taken 21,338 times
  • The average score is 6 of 10
Answer Stats
Question Answer % Correct
What was the former name of Tokyo? Edo
80%
Which of these movies did NOT take place in Tokyo? Parasite
75%
On what island is Tokyo located? Honshu
73%
How many times has Tokyo hosted the Summer Olympics? 2
65%
In what year did the Tokyo real estate bubble peak? 1989
64%
What is the name of the region in which Tokyo is located? Kanto
55%
What killed more than 100,000 people in Tokyo and the surrounding regions in 1923? an earthquake
52%
What is the name of both a chocolate bar and the emperor who moved the capital to Tokyo? Meiji
48%
What is the tallest man-made structure in Tokyo? Tokyo Skytree
43%
What city on Tokyo Bay is the second largest in Japan by city proper population? Yokohama
42%
No matching quizzes found
Score Distribution
Percent of People with Each Score
Percentile by Number Answered
Your Score History
You have not taken this quiz